Lil Tecca Songs A-Z - Statistics

General Stats
  • This quiz has been taken 32 times
  • The average score is 17 of 24
Answer Stats
Hint Answer % Correct
R Ransom/royal rumble/repeat it/real discussions/right now radio/riskmy life/rover
96%
O Out of luck/our time/out of love/over you/owa owa/on your own/onenight
92%
D Did it again/DUI/dolly/did that/dead or alive/down with me/D1/darkthoughts/don't rush/diva/dime pa que
88%
L Left,Right/Love me/level up/last call/lot of me/LYK/L.A.N./let love go
84%
N No answers/never left/no discussion/nada/need me/Number 2/neverlast/not too much
84%
T The score/take 10/tic toc/true to the game/transynphony/tec/trippinon u/taste/Time & a place/the truth/Tic tac toe/treesha/this my life
80%
# 120/500lbs/24Hrs/4U
76%
A Amigo/actin up/all the time/all star/anti-hero
76%
B Bossanova/back it up/bank teller/bad time/boys don't cry/blessing/bussin bussin
76%
H Hold on/hvn on earth/homebody/half the plot/hollywood/head doctor/how I was raised
76%
I Insecurities/investigation/I can't let go/Irish goodbye/IDK
76%
F Foreign/fee/fell in love/flowers/favorite lie/fallin/faster/flowers/falsetto
72%
M Molly girl/miss me/money on me/my side/Monday to Sunday/mama/montana/Malibu's most wanted/memories in my head/mission impossible/mavericks
72%
S Shots/sidenote/senorita/selection/seaside/shooters/show me up/salty/self2self/separate ways/sure of it/sold not told/somebody/she want some more
72%
C Count me out/chemistry/closest to heaven/caution/Choppa shoot theloudest/cold girls/catch me if you can/come through
68%
X X factor
68%
Y You don't need me no more/you gotta do better/yves
68%
G Glo up/grammy/gist/gametime/good life
64%
W Weatherman/when you down/whatever/want it bad/wake up/why ulook mad
64%
U U don't know tec/used2this
56%
V Virgo/vogue/Virgo world
56%
E Everywhere I go/either way
48%
P Phenom/prada/poppin
44%
J Jetski/JLO
40%
No matching quizzes found
Score Distribution
Percent of People with Each Score
Percentile by Number Answered
Your Score History
You have not taken this quiz